Z vodovodu im tečie červená voda! v Klčove každý rok vymieňajú vodovodné batérie

Podrobná bibliografia
Hlavný autor: Karasová, Erika, 1973- (Autor)
Médium: Článok
Jazyk:slovenčina
Fyzický popis:Fotogr.
ISSN:1335-759X
Predmet:

MARC

LEADER 00000nab a2200000 ar4500
001 vtls008641025
003 SK-MaSNL
005 20260305040730.0
008 060331c20051215xo mr|p|||||||000 b|slo
038 |a SNSK 
040 |b slo  |c SNSK  |e AACR2 
041 0 |a slo 
044 |a xo  |c SK 
080 |a 351.778.31  |2 2001 
080 |a 613.32  |2 2001 
080 |a 614.777  |2 2001 
100 1 |a Karasová, Erika,  |d 1973-   |4 aut  |9 89869 
245 1 0 |a Z vodovodu im tečie červená voda!  |b v Klčove každý rok vymieňajú vodovodné batérie  |c Erika Karasová 
300 |b Fotogr. 
650 0 7 |a pitná voda  |2 snsk  |9 69061 
650 0 7 |a hygiena vody  |2 snsk  |9 31215 
651 7 |a Klčov (Slovensko)  |2 snsk  |9 58981 
651 7 |a Levoča (Slovensko : okres)  |2 snsk  |9 30131 
773 0 |t Spišský denník Korzár  |g Roč. VII., č. 289 (15.12.2005), s. 1.  |x 1335-759X 
852 |a SNSK  |b KIS3GCP 
999 |c 3340025  |d 3341955